'Name and shame' performance drive (Record no. 68027)

MARC details
000 -LEADER
fixed length control field 01186cam a2200229 4500
001 - CONTROL NUMBER
control field ABS64421
008 - FIXED-LENGTH DATA ELEMENTS--GENERAL INFORMATION
fixed length control field 010816n2001 000 0 eng u
035 ## - SYSTEM CONTROL NUMBER
System control number (Sirsi) u114180
100 ## - MAIN ENTRY--PERSONAL NAME
Personal name Morris, H
245 ## - TITLE STATEMENT
Title 'Name and shame' performance drive
260 ## - PUBLICATION, DISTRIBUTION, ETC.
Date of publication, distribution, etc. 2001
490 ## - SERIES STATEMENT
Series statement Planning (for the Natural and Built Environment)
Volume/sequential designation (1429) 27 July 2001, 14-15(2)
520 ## - SUMMARY, ETC.
Summary, etc. Examines government policy to provide a quick and efficient planning system and its effect on the planning authorities and their staff. Examines the human cost behind the government drive for higher performance with some planning chiefs arguing that their departments are under-resourced and understaffed with increasing levels of stress and burn-out among employees, caused by poor pay and lack of political recognition. Planners are also doubtful over the legitimacy of the 8-week target for handling planning applications.
590 ## - LOCAL NOTE (RLIN)
Local note ABS
650 ## - SUBJECT ADDED ENTRY--TOPICAL TERM
Topical term or geographic name entry element PLANNING SYSTEM
650 ## - SUBJECT ADDED ENTRY--TOPICAL TERM
Topical term or geographic name entry element GOVERNMENT POLICY
650 ## - SUBJECT ADDED ENTRY--TOPICAL TERM
Topical term or geographic name entry element PERFORMANCE TARGETS
650 ## - SUBJECT ADDED ENTRY--TOPICAL TERM
Topical term or geographic name entry element PLANNING AUTHORITIES
650 ## - SUBJECT ADDED ENTRY--TOPICAL TERM
Topical term or geographic name entry element DEVELOPMENT CONTROL
690 ## - LOCAL SUBJECT ADDED ENTRY--TOPICAL TERM (OCLC, RLIN)
Topical term or geographic name as entry element ENVIRONMENTAL AND LAND CONSULTANCY-PLANNING AND DEVELOPMENT
942 ## - ADDED ENTRY ELEMENTS (KOHA)
Suppress in OPAC 0
Holdings
Withdrawn status Lost status Source of classification or shelving scheme Damaged status Not for loan Home library Current library Shelving location Date acquired Total Checkouts Full call number Barcode Date last seen Copy number Price effective from Koha item type
    Dewey Decimal Classification     London London Journal article 16/08/2001   ABS64421 114180-1001 06/08/2019 1 06/08/2019 Journal article